C I A mission/ (Record no. 6393)

000 -LEADER
fixed length control field 00360nam a22001571a 4500
082 ## - DEWEY DECIMAL CLASSIFICATION NUMBER
Classification number M3
Item number PRA/C
100 ## - MAIN ENTRY--AUTHOR NAME
Personal name Pranab
245 ## - TITLE STATEMENT
Title C I A mission/
Statement of responsibility, etc by Pranab
260 ## - PUBLICATION, DISTRIBUTION, ETC. (IMPRINT)
Place of publication Kochi:
Name of publisher C.I.C.C,
Year of publication 2009.
300 ## - PHYSICAL DESCRIPTION
Number of Pages 154p.
650 ## - SUBJECT ADDED ENTRY--TOPICAL TERM
Topical Term Horror Novel Malayalam
650 ## - SUBJECT ADDED ENTRY--TOPICAL TERM
Topical Term Novel Malayalam
650 ## - SUBJECT ADDED ENTRY--TOPICAL TERM
Topical Term Literature Malayalam
650 ## - SUBJECT ADDED ENTRY--TOPICAL TERM
Topical Term Literature
942 ## - ADDED ENTRY ELEMENTS (KOHA)
Koha item type Book
Holdings
Withdrawn status Lost status Damaged status Not for loan Permanent Location Current Location Shelving location Date acquired Cost, normal purchase price Full call number Accession Number Cost, replacement price Price effective from Koha item type
        Sree Sankaracharya University of Sanskrit Sree Sankaracharya University of Sanskrit Stacks 08.01.2015 100.00 M3 PRA/C 060084 0.00 08.01.2015 Book